| 000 | 00705nam a22002057a 4500 | ||
|---|---|---|---|
| 003 | OSt | ||
| 005 | 20251127115851.0 | ||
| 008 | 251127b |||||||| |||| 00| 0 eng d | ||
| 020 | _a978-621-406-228-7 | ||
| 040 |
_aDWC-Main lib _cOC |
||
| 082 | _aFil. 028.52 A861l 2020 | ||
| 100 | _aAsuncion, Luiz Gonza | ||
| 245 |
_aLibrary literature for children & young adults/ _cLuiz Gonza Asuncion |
||
| 260 |
_aIntramuros, Manila : _bMindshapers , _c c2020. |
||
| 300 |
_axiv, 190 pages : _b illustrations ; _c23. |
||
| 504 | _aIncludes bibliography | ||
| 650 | _a1. Library materials-- children's literature and young adults | ||
| 650 | _a2. children's literature | ||
| 942 |
_2ddc _cBK - FIL _kFil. _n0 |
||
| 999 |
_c6458 _d6458 |
||